LEADER 01007nam0-2200337---450- 001 990008847240403321 005 20090424140824.0 010 $a98-3-527-31568-0 035 $a000884724 035 $aFED01000884724 035 $a(Aleph)000884724FED01 035 $a000884724 100 $a20090424d2008----km-y0itay50------ba 101 0 $aeng 105 $aa-------001yy 200 1 $aMolecular Modeling$eBasic Principles and Applications$fHans-Dieter Höltje...[et al.] 205 $a3rd ed. Revised and Expanded Edition 210 $aWeinheim$cWiley-VCH Verlag$dc2008 215 $aX, 310 p.,$cill.$d24 cm 610 0 $aBiomolecules 700 1$aHöltje,$bHans-Dieter$0505526 701 1$aSippl,$bWolfgang$0505527 701 1$aRognan,$bDidier$0505528 701 1$aFolkers$bGerd$0505529 801 0$aIT$bUNINA$gRICA$2UNIMARC 901 $aBK 912 $a990008847240403321 952 $a04 124-69$bDIC 4823$fDINCH 959 $aDINCH 996 $aMolecular Modeling$9805391 997 $aUNINA LEADER 01294nam2 2200265 i 450 001 VAN0063969 005 20141013110850.855 010 $a03-00-03173-4 100 $a20080416d1985 |0itac50 ba 101 $aita 102 $aIT 105 $a|||| ||||| 200 1 $aˆ<<‰Alessandro Algardi>> 2$fJennifer Montagu 210 $aNew Haven$aLondon$cpublished in association with the J. Paul Getty Trust by Yale university$d1985 215 $aIX, 305-487 p., 96 c. di tav.$d28 cm. 461 1$1001VAN0063967$12001 $aAlessandro Algardi$fJennifer Montagu$1210 $aNew Haven$aLondon$cpublished in association with the J. Paul Getty Trust by Yale university$1215 $avolumi$d29 cm.$v2 620 $aUS$dNew Haven$3VANL000040 700 1$aMontagu$bJennifer$3VANV019646$0153191 712 $aYale university $3VANV108028$4650 801 $aIT$bSOL$c20230616$gRICA 912 $aVAN0063969 950 $aBIBLIOTECA DEL DIPARTIMENTO DI LETTERE E BENI CULTURALI$d07CONS Pa Algardi 1482 II $e07 71366 20080416 950 $aBIBLIOTECA DEL DIPARTIMENTO DI LETTERE E BENI CULTURALI$d07CONS Pa Algardi IIa $e07 93578 20080416 996 $aAlessandro Algardi 2$91436838 997 $aUNICAMPANIA